000 00493nam a2200193Ia 4500
005 20250326142327.0
008 250326s9999 xx 000 0 und d
037 _aTextbook
040 _aFMSL
_beng
_cFMSL
041 _aeng
_2eng
084 _qFMSL
100 _aSinghania V K
245 0 _aDirect taxes low & practice 1995-96
_cSinghania V K
250 _aEd 15
260 _aNew Delhi
_bNew Delhi, Taxman's
_c1995
300 _a1162p
942 _cTB
999 _c1294498
_d1294498